| 000 | 01064cam a2200265 4500 | ||
|---|---|---|---|
| 001 | ABS66111 | ||
| 008 | 021015n2002 000 0 eng u | ||
| 035 | _a(Sirsi) u120095 | ||
| 100 | _aCrosby, N. | ||
| 245 | _aExpert valuation witnesses in the UK - problems and solutions | ||
| 260 | _c2002 | ||
| 490 |
_aJournal of Property Investment and Finance _v20(4) 2002, 316-353(37) |
||
| 520 | _aThis paper examines the performance, training and organisation of expert valuation witnesses in the UK. Past research, based on examination of professional negligence case in the UK courts, had found that expert valuation witnesses do not always impartially. A case analysis is carried out and the results discussed. | ||
| 590 | _aABS | ||
| 650 |
_aEXPERT WITNESS _96239 |
||
| 650 | _aEXPERT WITNESSES | ||
| 650 | _aVALUATION VARIATIONS | ||
| 650 | _aCAREERS, EDUCATION AND TRAINING | ||
| 650 | _aACCURACY | ||
| 650 | _aCASE STUDIES | ||
| 690 | _aPROPERTY-PROPERTY APPRAISAL AND VALUATION | ||
| 700 | _aMurdoch, J. | ||
| 700 | _aLavers, A. | ||
| 942 | _n0 | ||
| 999 |
_c71359 _d71359 |
||